[Event "Santo Domingo La Raza op"]
[Site "Santo Domingo"]
[Date "2015.10.20"]
[Round "6"]
[White "Araujo Sanchez, Josue"]
[Black "Delmonte Arias, Nelson"]
[Result "1/2-1/2"]
[WhiteElo "1771"]
[BlackElo "1933"]
[PlyCount "103"]
[EventDate "2015.10.12"]
[EventType "swiss"]
[EventRounds "8"]
[EventCountry "DOM"]
[SourceTitle "CBM 169 Extra"]
[Source "ChessBase"]
[SourceDate "2015.12.18"]
[SourceVersion "1"]
[SourceVersionDate "2015.12.18"]
[SourceQuality "1"]

1. e4 c5 2. Nf3 d6 3. d4 cxd4 4. Nxd4 Nf6 5. Nc3 g6 6. Be2 Bg7 7. Be3 0-0 8. f3 Nc6 9. Nxc6 bxc6 10. Qd2 d5 11. 0-0-0 e6 12. Bh6 Qa5 13. Bxg7 Kxg7 14. e5 Nd7 15. f4 c5 16. a3 a6 17. Na2 Qb6 18. h4 Rb8 19. c3 h5 20. g4 hxg4 21. Bxg4 Qb3 22. Kb1 f5 23. Bf3 Rh8 24. h5 g5 25. fxg5 Nxe5 26. h6+ Kf8 27. Be2 c4 28. Rdg1 Nd3 29. Bxd3 cxd3 30. g6 Qc2+ 31. Qxc2 dxc2+ 32. Kxc2 Kg8 33. Nb4 Bb7 34. Nd3 d4 35. Rh4 Be4 36. b4 dxc3 37. Kxc3 Bxd3 38. Kxd3 a5 39. Re1 axb4 40. axb4 Rd8+ 41. Kc4 Re8 42. b5 e5 43. Kd5 e4 44. Kd6 f4 45. Rxf4 Rxh6 46. Rg4 Kg7 47. b6 Rxg6+ 48. Rxg6+ Kxg6 49. b7 Kf5 50. Kc7 Kg4 51. b8Q Rxb8 52. Kxb8 1/2-1/2

[Event "Santo Domingo La Raza op"]
[Site "Santo Domingo"]
[Date "2015.10.12"]
[Round "1"]
[White "Delmonte Arias, Nelson"]
[Black "Barjan Pinedo, Jose Antonio"]
[Result "0-1"]
[WhiteElo "1933"]
[BlackElo "2025"]
[PlyCount "94"]
[EventDate "2015.10.12"]
[EventType "swiss"]
[EventRounds "8"]
[EventCountry "DOM"]
[SourceTitle "CBM 169 Extra"]
[Source "ChessBase"]
[SourceDate "2015.12.18"]
[SourceVersion "1"]
[SourceVersionDate "2015.12.18"]
[SourceQuality "1"]

1. d4 Nf6 2. c4 g6 3. Nc3 Bg7 4. e4 d6 5. Nf3 0-0 6. Be2 Nbd7 7. 0-0 e5 8. Bg5 h6 9. Be3 a5 10. h3 Ne8 11. dxe5 dxe5 12. Qd2 Kh7 13. Rfd1 c6 14. Na4 Qe7 15. Nh2 f5 16. exf5 gxf5 17. Qc2 Kh8 18. Rd2 f4 19. Bb6 Nxb6 20. Nxb6 Bf5 21. Qd1 Rb8 22. Bg4 Qc5 23. Qb3 Qb4 24. Qxb4 axb4 25. Rad1 e4 26. Bxf5 Rxf5 27. Rd8 Rxd8 28. Rxd8 Re5 29. Nd7 Re7 30. Ng4 e3 31. fxe3 fxe3 32. Kf1 e2+ 33. Ke1 Bxb2 34. Nde5 Bxe5 35. Nxe5 Rxe5 36. Rd7 b5 37. cxb5 cxb5 38. Rd4 b3 39. axb3 Kg7 40. Rd7+ Kf6 41. Rb7 Nd6 42. Rb6 Ke6 43. Rb8 Nf5 44. Re8+ Kd5 45. Rxe5+ Kxe5 46. Kxe2 Nd4+ 47. Kf2 Nxb3 0-1